The Scientific Management of Society (Record no. 350635)
[ view plain ]
| 000 -LEADER | |
|---|---|
| fixed length control field | 01183cam a22003851i 4500 |
| 001 - CONTROL NUMBER | |
| control field | 2456498 |
| 003 - CONTROL NUMBER IDENTIFIER | |
| control field | OSt |
| 005 - DATE AND TIME OF LATEST TRANSACTION | |
| control field | 20180116183022.0 |
| 008 - FIXED-LENGTH DATA ELEMENTS--GENERAL INFORMATION | |
| fixed length control field | 720713s1971 rur b 000 0 eng |
| 010 ## - LIBRARY OF CONGRESS CONTROL NUMBER | |
| LC control number | 72181004 //r83 |
| 015 ## - NATIONAL BIBLIOGRAPHY NUMBER | |
| National bibliography number | USSR*** |
| 020 ## - INTERNATIONAL STANDARD BOOK NUMBER | |
| International Standard Book Number | 0 |
| 035 ## - SYSTEM CONTROL NUMBER | |
| System control number | (OCoLC)481575 |
| 035 ## - SYSTEM CONTROL NUMBER | |
| System control number | (OCoLC)ocm00481575 |
| 035 ## - SYSTEM CONTROL NUMBER | |
| System control number | (NNC)2456498 |
| 040 ## - CATALOGING SOURCE | |
| Original cataloging agency | DLC |
| Transcribing agency | DLC |
| Modifying agency | DLC |
| 041 1# - LANGUAGE CODE | |
| Language code of text/sound track or separate title | eng |
| Language code of original | rus |
| 043 ## - GEOGRAPHIC AREA CODE | |
| Geographic area code | ee----- |
| 050 00 - LIBRARY OF CONGRESS CALL NUMBER | |
| Classification number | HD84.5 |
| Item number | .A3513 |
| 082 00 - DEWEY DECIMAL CLASSIFICATION NUMBER | |
| Classification number | 330.9 AFA 1971 |
| 090 ## - LOCALLY ASSIGNED LC-TYPE CALL NUMBER (OCLC); LOCAL CALL NUMBER (RLIN) | |
| Classification number (OCLC) (R) ; Classification number, CALL (RLIN) (NR) | HD84.5 |
| Local cutter number (OCLC) ; Book number/undivided call number, CALL (RLIN) | .A3513 |
| 100 1# - MAIN ENTRY--PERSONAL NAME | |
| Personal name | V.G. Afanasyev |
| Fuller form of name | (Viktor Grigorʹevich) |
| 240 10 - UNIFORM TITLE | |
| Language of a work | English |
| 245 14 - TITLE STATEMENT | |
| Title | The Scientific Management of Society |
| Statement of responsibility, etc. | [by] V. G. Afanasyev. [Translated from the Russian by L. Ilyitskaya, edited by R. Daglish]. |
| 260 ## - PUBLICATION, DISTRIBUTION, ETC. | |
| Place of publication, distribution, etc. | Moscow, |
| Name of publisher, distributor, etc. | Progress Publishers |
| Date of publication, distribution, etc. | [1971] |
| 300 ## - PHYSICAL DESCRIPTION | |
| Extent | 284 p. |
| Dimensions | 21 cm. |
| Other physical details | HB |
| 440 ## - SERIES STATEMENT/ADDED ENTRY--TITLE | |
| Title | The Scientific Management of Society |
| 500 ## - GENERAL NOTE | |
| General note | Translation of Nauchnoe upravlenie obshchestvom. |
| 504 ## - BIBLIOGRAPHY, ETC. NOTE | |
| Bibliography, etc. note | Includes bibliographical references. |
| 650 #0 - SUBJECT ADDED ENTRY--TOPICAL TERM | |
| Topical term or geographic name entry element | Economic policy. |
| 650 #0 - SUBJECT ADDED ENTRY--TOPICAL TERM | |
| Topical term or geographic name entry element | Social policy. |
| 651 #0 - SUBJECT ADDED ENTRY--GEOGRAPHIC NAME | |
| Geographic name | Communist countries |
| General subdivision | Economic policy. |
| 942 ## - ADDED ENTRY ELEMENTS (KOHA) | |
| Source of classification or shelving scheme | |
| Koha item type | Book |
| Call number prefix | 330.9 AFA 1971 |
| Withdrawn status | Lost status | Source of classification or shelving scheme | Damaged status | Not for loan | Collection code | Permanent Location | Current Location | Shelving location | Date acquired | Total Checkouts | Full call number | Barcode | Date last seen | Date last checked out | Price effective from | Koha item type |
|---|---|---|---|---|---|---|---|---|---|---|---|---|---|---|---|---|
| Central Library (CL) | Central Library (CL) | General Stacks | 11/26/2015 | 2 | 330.9 AFA 1971 | NBSD-2179 | 11/22/2017 | 08/01/2017 | 11/26/2015 | Book |
